00700nam a2200181 i 4500001000700000003000900007005001700016008004100033080001700074100003000091245013500121260010200256300003300358502004500391650002600436710003000462852002600492180440ES-MaACL20230906221109.0120604s1970 sp |||| | spa d a575.1(043.2)1 aMensua Fernández, J. L.10aEstudio genético de la variabilidad de un carácter que se manifiesta según un modelo / cpor José Luis Mensua Fernández. aBarcelona : bEstudio sobre los espacios-tiempos del tipo de Kerr-Schild [Texto impreso], c1970. a23 p. : bgráf. ; c24 cm. aResumen de tesis--Universidad Barcelona.04aHerencia (Biología)2 aUniversidad de Barcelona. aES-MaACLjE-15362(35)